Community-Based Coastal Resource Management Festival : Celebrating the gains, reflecting on the challenges and advancing the CBCRM movement, 2-4 June 2003, Subic, Philippines

The CBCRM Festival created a venue for practitioners and advocates to celebrate and reflect on the gains and challenges of the CBCRM movement, share these lessons with the larger public, and together look at how to take it forward.

Uloženo v:
Podrobná bibliografie
Médium: Kniha
Jazyk:Undetermined
Vydáno: Diliman, Quezon City, Philippines CBCRM Resource Center 2004
Témata:
Tagy: Přidat tag
Žádné tagy, Buďte první, kdo otaguje tento záznam!
Thư viện lưu trữ: Trung tâm Học liệu Trường Đại học Cần Thơ
LEADER 01052nam a2200205Ia 4500
001 CTU_142984
008 210402s9999 xx 000 0 und d
082 |a 658.408 
082 |b C734 
245 0 |a Community-Based Coastal Resource Management Festival : 
245 0 |b Celebrating the gains, reflecting on the challenges and advancing the CBCRM movement, 2-4 June 2003, Subic, Philippines 
245 0 |c Community-Based Coastal Resource Management Festival 
260 |a Diliman, Quezon City, Philippines 
260 |b CBCRM Resource Center 
260 |c 2004 
520 |a The CBCRM Festival created a venue for practitioners and advocates to celebrate and reflect on the gains and challenges of the CBCRM movement, share these lessons with the larger public, and together look at how to take it forward. 
650 |a Coastal zone management,Social participation,Community organization,Phillippines coastal resources 
650 |z Philippines,Philippines,Philippines 
904 |i Giang 
980 |a Trung tâm Học liệu Trường Đại học Cần Thơ